| 000 | 00534nam a2200181Ia 4500 | ||
|---|---|---|---|
| 008 | 090630s9999 xx 000 0 und d | ||
| 082 | _b11964 | ||
| 100 | _aधीरज. | ||
| 245 |
_aगुनाह का बेटा. _cधीरज. |
||
| 260 | _bराज पॅकेट - दिल्ली. | ||
| 300 | _a240 | ||
| 600 | _aधीरज. | ||
| 630 | _aगुनाह का बेटा. | ||
| 655 | _aहिंदी. | ||
| 700 | _aधीरज. | ||
| 730 | _aगुनाह का बेटा. | ||
| 942 | _cBOOK | ||
| 999 |
_c263820 _d263820 |
||